000 01761nam a2200277 a 4500
003 MX-MxUPN
005 20240919064818.0
008 230418s2020 mx |||||ob||| 000 0 spa d
020 _a9786073029506
040 _aMX-MxUPN
_bspa
_cMX-MxUPN
041 0 _aspa
050 1 4 _aLC191
245 0 3 _aEl estudio social y cultural de la educación :
_bclaves conceptuales para el pedagogo en formación
_h[recurso electrónico en línea]
250 _aPrimera edición.
260 _aCiudad de México :
_bUniversidad Nacional Autónoma de México, Facultad de Filosofía y Letras,
_c2020
300 _a1 recurso en línea (385 páginas) :
_bPDF
490 0 _aSeminarios. Pedagogía
506 0 _aAcceso abierto
504 _aIncluye referencias bibliográficas.
505 0 0 _tLa dimensión sociohistórica-cultural de los seres humanos y la educación /
_rIris Jiménez, Sonia Zenteno --
_tBases conceptuales para el estudio de la dimensión social en la educación: una aproximación a las propuestas teóricas de autores clásicos /
_rLiliana Valladares --
_tBases conceptuales para el estudio de la dimensión social en la educación: una aproximación a las propuestas teóricas de autores contemporáneos /
_rLiliana Valladares --
_tLas funciones sociales de la educación: entre el consenso, el conflicto, lo local y lo diverso /
_rIrán Guerrero --
_tLa dimensión cultural en la educación: aproximaciones teóricas para el estudio de la cultura, la interculturalidad y la educación /
_rLiliana Valladares.
650 4 _aEducación
_xAspectos sociales
_95311
700 1 _aValladares, Liliana
_948688
_ecoordinación
856 4 0 _uhttps://ru.atheneadigital.filos.unam.mx/jspui/handle/FFYL_UNAM/407
902 _aVíctor Ruiz/190423
942 _2lcc
_cLIBRO-E
999 _c209483
_d209483